000
00343nam a2200145Ia 4500
008
221007s9999 xx 000 0 und d
041
_a
eng
082
_b
BEN
100
_a
Bendre P (2k6205)
_9
102137
245
_a
Patient Monitoring System
260
_c
2008
_b
Pune University
_a
Pune
300
_a
84p
520
_a
Bhat S
906
_b
General
999
_c
69295
_d
69295